| 000 | 00551nam a2200181 i 4500 | ||
|---|---|---|---|
| 001 | 117344 | ||
| 003 | ES-MaACL | ||
| 005 | 20230906190902.0 | ||
| 007 | t| | ||
| 008 | 070302s1950 xxk r ||||1| eng d | ||
| 100 | 1 |
_aPearson, Hesketh. _989820 |
|
| 245 | 1 | 0 |
_aBernard Shaw _b: his life and personality / _cHesketh Pearson. |
| 260 |
_aLondon : _bCollins, _c1950. |
||
| 300 |
_a424 p. ; _c22 cm. |
||
| 500 | _aRetrato de Bernard Shaw. | ||
| 600 | 0 | 4 |
_aShaw, Bernard. _9106025 |
| 852 |
_aES-MaACL _jC-27630 _bR.57021 _z.- Donat. José Antonio Llardent |
||
| 999 |
_c117344 _d117344 |
||